00000000nam##2200000za#4500
0019.697831
003CaOODSP
00520210624235645
007cr |||||||||||
008150407|1998||||xxc|||||o    f|0| 0 eng|d
040 |aCaOODSP|beng
043 |an-cn---
0861 |aRH64-41/1998E-PDF
1101 |aCanada.|bHuman Resources Development Canada. |bStrategic Policy.
24510|aEmployment insurance appeals pilot evaluation study : |h[electronic resource]|bfinal report / |c[by] Evaluation and Data Development.
260 |aOttawa - Ontario : |bHuman Resources Development Canada. |cDecember 1998.
300 |a28p.
590 |a13-12-Supp|b2013-05-10
69007|aAppeals|2gcpds
69007|aEmployment insurance|2gcpds
77508|tAppels en matière d'assurance-emploi - étude d'évaluation pilote : |w(CaOODSP)9.641833
85640|ahttp://publications.gc.ca|qPDF|s49 KB|uhttps://publications.gc.ca/collections/collection_2013/rhdcc-hrsdc/RH64-41-1998-eng.pdf
986 |aSP-AH074E-12-98